000 00270nam a22001337a 4500
008 170810b xxu||||| |||| 00| 0 eng d
020 _a3540182829
041 _ager
080 _a004
100 _a35
101 _aSHK
245 _aCIM
_cSCHEER,A.W
942 _2udc
_cBK
999 _c23195
_d23195